Músculos - ¡Muerte súbita! - Estadísticas

Estadísticas generales
  • Esta prueba ha sido intentada 62 veces
  • La puntuación promedio es 7 de 20
Answers on the Grid
Answers color-coded by a green-red scale on the quiz's grid according to % correct below.
Bíceps
Flexor hallucis longus
Foramen magnum
Menisco
Deltoides
Lumbricales
Ligamento cruzado
Corpus callosum
Línea alba
Iliopsoas
Mandíbula
Masetero
Recto abdominal
Dura mater
Rótula
Trapecio
Escápula
Sartorio
Tibia
Pectoral mayor
Peroné
Glúteo medio
Esternón
Sóleo
Clavícula
Extensor carpi radialis
Atlas
Gastrocnemio
Semitendinoso
Omohioideo
Hamulus pterigoideo
Corrugador superciliar
Estilogloso
Lámina cribosa
Piriforme
Apófisis coracoides
Palatofaríngeo
Acetábulo
Risorio
Foramen oval
 
Estadísticas de respuestas
Respuesta % Correcto
Trapecio
75%
Bíceps
72%
Glúteo medio
67%
Pectoral mayor
67%
Deltoides
56%
Sóleo
53%
Recto abdominal
47%
Masetero
36%
Sartorio
36%
Semitendinoso
36%
Iliopsoas
31%
Flexor hallucis longus
28%
Omohioideo
28%
Extensor carpi radialis
19%
Piriforme
19%
Risorio
17%
Estilogloso
14%
Corrugador superciliar
11%
Lumbricales
8%
Palatofaríngeo
8%
No se encontraron pruebas coincidentes
Distribución de puntuación
Porcentaje de gente con cada puntuación
Porcentaje por número respondido
Historial de tus puntuaciones
No has intentado esta prueba.